000 00390nam a2200157Ia 4500
005 20250508151831.0
008 008 250505s9999 xx 000 0 eng d
037 _aTextual
040 _aFEDL
_beng
_cFEDL
041 _aeng
_2eng
084 _a428, WAY
_qFEDL
245 0 _aWay to english: Primer
300 _a74p.
942 _cTEXL
_h428, WAY
999 _c1332393
_d1332393